000 01658nam a2200445 i 4500
001 44144
003 ES-MaCES
005 20250702133026.0
008 120614n2012 sp d t 000 | spa d
017 _aM-22659-2012
_bDL
035 _aCES20120004273m
040 _aES-MaCES
_bspa
_cES-MaCES
245 0 0 _aAnuario de relaciones laborales 2013
_b: [objetivo el trabajo]
_ccoords., Santos Miguel Ruesga, Antonio Ferrer Sais ; con la col. espeicial de Lorenzo Cachón ... [et al.]
260 _aMadrid
_bComisión Ejecutiva Confederal de UGT
260 _aMadrid [etc.]
_bMarcial Pons
_b2012
300 _a313 p.
_bgráf. col.
_c28 cm
500 _aSubtít. tomado de la cub
500 _aÍndices
541 0 _cCompra
650 4 _acondiciones de trabajo
_928327
650 4 _anegociación colectiva
_928362
650 4 _asindicalismo
_929453
650 4 _apolítica laboral
_928290
650 4 _apolítica social
_927029
650 4 _areforma legislativa
_929892
650 4 _aEspaña
_926964
650 4 _a2012
_931808
650 4 _aanuario
_928963
653 1 0 _aRelaciones laborales-Empleo
650 4 _928369
_arelaciones laborales
650 4 _930664
_aconcertación social
700 1 _aFerrer Sais, Antonio
_edir
_912081
700 1 _aRuesga Benito, Santos Miguel
_edir.
_922800
700 1 _aCachón Rodríguez, Lorenzo
_ecol.
_98641
710 2 _aUnión General de Trabajadores de España
_bComisión Ejecutiva Confederal
_eed.
_95146
787 0 _tAnuario de relaciones laborales 2012 : [objetivo el trabajo]
_w(ES-MaCES)24513
902 _aLIB Libro
942 _2CES
_cBK
_h2.0.
999 _c44144
_d44144